Čarovné Bílé Karpaty = Magical Bílé Karpaty mountains /

Main Author: Krajčová, Barbora, 1983-
Corporate Author: CBS Nakladatelství
Other Authors: Hoňková, Petra
Language: Czech
English
Published: Zlín : Creative Business Studio, 2025
Edition: 1. vydání
Series: Čarovné Česko
Physical Description: 173 stran : barevné ilustrace, mapy ; 18 x 26 cm
Language note: Souběžný anglický text
Book
Saved in:
LEADER 01928nam a2200505 i 4500
001 nkc20253677595
003 CZ PrNK
005 20250423065704.0
007 ta
008 250319s2025 xr ab e 000 0 cze
015 |a cnb003677595 
020 |a 978-80-53006-35-4  |q (vázáno) 
035 |a (OCoLC)1519102523 
040 |a OLA001  |b cze  |e rda 
041 1 |a cze  |a eng  |h cze 
043 |a e-xr---  |b e-xr-mr  |2 czenas 
072 7 |a 913(437)  |x Geografie Česka a Slovenska, reálie, cestování  |2 Konspekt  |9 7 
080 |a 913(437.32-11)  |2 MRF 
080 |a (437.32-11)  |2 MRF 
080 |a (084.12)  |2 MRF 
100 1 |a Krajčová, Barbora,  |d 1983-  |7 jo20231178546  |4 aut 
245 1 0 |a Čarovné Bílé Karpaty =  |b Magical Bílé Karpaty mountains /  |c Barbora Krajčová a kolektiv CBS nakladatelství ; překlad: Petra Hoňková 
246 3 1 |a Magical Bílé Karpaty mountains 
250 |a 1. vydání 
264 1 |a Zlín :  |b Creative Business Studio,  |c 2025 
300 |a 173 stran :  |b barevné ilustrace, mapy ;  |c 18 x 26 cm 
336 |a text  |b txt  |2 rdacontent 
336 |a statický obraz  |b sti  |2 rdacontent 
337 |a bez média  |b n  |2 rdamedia 
338 |a svazek  |b nc  |2 rdacarrier 
490 1 |a Čarovné Česko 
500 |a 4700 výtisků 
546 |a Souběžný anglický text 
651 7 |a Bílé Karpaty (Česko a Slovensko : pohoří)  |7 ge129114  |x reálie  |2 czenas 
651 9 |a White Carpathians Mountains (Czechia and Slovakia)  |x description and travel  |2 eczenas 
655 7 |a fotografické publikace  |7 fd132276  |2 czenas 
655 9 |a photographical works  |2 eczenas 
700 1 |a Hoňková, Petra  |7 jo20231211173  |4 trl 
710 2 |a CBS Nakladatelství  |7 ko20201088402  |4 aut  |4 isb 
830 0 |a Čarovné Česko  |0 s 
910 2 |a BOA001  |b 3-1543.221 
990 |a BK 
995 |a 01 
991 |b 202504  |c NOV 
996 6 |b 2611000208  |c 3-1543.221  |l MZK  |r Sklad / do 1 hodiny  |n 0  |p p.v.  |w 002001530  |u 000010  |a 1  |e BOA001  |j MZK50  |s P